Flora das cangas da Serra dos Carajás, Pará, Brasil: Ranunculaceae (Registro n. 331038)
[ somente texto ]
| 000 -LÍDER | |
|---|---|
| fixed length control field | 01589nab a2200241 i 4500 |
| 003 - CÓDIGO MARC DA AGÊNCIA CATALOGADORA | |
| Campo de controle | BR-BrBNA |
| 005 - DATA E HORA DA ÚLTIMA ATUALIZAÇÃO | |
| Campo de controle | 20250415105550.0 |
| 008 - CAMPO DE TAMANHO FIXO | |
| fixed length control field | 250415b2016 bl.qr|pooa||| 00| 0 por | |
| 040 ## - FONTE DA CATALOGAÇÃO | |
| Agência catalogadora | BR-BrBNA |
| Idioma da catalogação | por |
| 072 ## - CATEGORIA AGRIS | |
| Código AGRIS | F70 |
| 100 ## - ENTRADA PRINCIPAL - NOME PESSOAL | |
| Nome pessoal | Giulietti, Ana Maria |
| 100 ## - ENTRADA PRINCIPAL - NOME PESSOAL | |
| Nome pessoal | Lima, Carla Teixeira de |
| 245 ## - TÍTULO PRINCIPAL | |
| Título principal | Flora das cangas da Serra dos Carajás, Pará, Brasil: Ranunculaceae |
| 500 ## - NOTA GERAL | |
| Nota geral | Publicação on-line; 9 ref.; 1 illus.; Summaries (En, Pt) |
| 942 ## - ADDED ENTRY ELEMENTS (KOHA) | |
| Koha item type | Analítica |
| 520 ## - NOTA DE RESUMO | |
| Nota de conteúdo | <br/><br/>Resumo<br/><br/>Este estudo inclui a espécie de Ranunculaceae registrada para a da Serra dos Carajás, no estado do Pará,<br/>trazendo descrição, ilustração e comentários morfológicos de Clematis brasiliana, a única espécie registrada<br/>na área de estudo.<br/><br/>Palavras-chave: Amazônia, Clematis, Clematis brasiliana, FLONA Carajás, taxonomia.<br/><br/><br/><br/><br/>Abstract<br/><br/>This study includes the species of Ranunculaceae registered for the Serra dos Carajás, Pará state, bringing<br/>description, illustration, and morphological comments of the Clematis brasiliana, the only species registered<br/>for the study area.<br/><br/>Key words: Amazon, Clematis, Clematis brasiliana, FLONA Carajás, taxonomy. |
| 650 ## - ASSUNTO - THESAGRO | |
| Cabeçalho tópico ou nome geográfico | AMAZÔNIA |
| 650 ## - ASSUNTO - THESAGRO | |
| Cabeçalho tópico ou nome geográfico | CARAJÁS |
| 650 ## - ASSUNTO - THESAGRO | |
| Cabeçalho tópico ou nome geográfico | TAXONOMIA |
| 773 0# - ENTRADA ANALÍTICA | |
| Host Biblionumber | 709 |
| Registro do item | 349694 |
| Imprenta | Rio de Janeiro-RJ Jardim Botanico do Rio de Janeiro 1935 |
| Outro identificador | 2025-2214 |
| Título | Rodriguésia (Brazil) |
| ISSN | 0370-6583; 2175-7860 on-line |
| Colação | v. 67(5 special number) p. 1467-1470; (2016) |
| Número de controle de registro | BR2025000683 |
| 856 ## - ACESSO E ENDEREÇO ELETRÔNICO | |
| Identificador uniforme de recurso - URI | https://www.scielo.br/j/rod/a/fXHH6Rqdmhy3C5dwvY3n4FM/?format=pdf&lang=pt |
Nenhum exemplar disponível.

BINAGRI